Color and value /

Text and photographs explore the importance of color and of value (the lightness and darkness of color) in enchancing design.

Bibliographic Details
Main Author: Gatto, Joseph A.
Format: Book
Language:English
Published: Worcester, Mass. : Davis Publications, [1974]
Series:Elements of design.
Subjects:

MARC

Tag First Indicator Second Indicator Subfields
LEADER 00000cam a2200000 i 4500
001 in00000608564
005 20151014155416.0
008 750521s1974 maua 00110 eng
010 |a  75321024  
020 |a 0871920654 
035 |a (OCoLC)01348972 
035 |9 ACR8616AM 
040 |c DMM  |d TXA  |d UtOrBLW 
049 |a TXAM  |c [1474503] 
050 0 0 |a ND1490  |b .G37 
100 1 |a Gatto, Joseph A. 
245 1 0 |a Color and value /  |c Joseph A. Gatto. 
264 1 |a Worcester, Mass. :  |b Davis Publications,  |c [1974] 
300 |a 80 pages :  |b illustrations (some color) ;  |c 26 cm. 
336 |a text  |b txt  |2 rdacontent 
337 |a unmediated  |b n  |2 rdamedia 
338 |a volume  |b nc  |2 rdacarrier 
490 1 |a Elements of design 
500 |a Includes index. 
520 |a Text and photographs explore the importance of color and of value (the lightness and darkness of color) in enchancing design. 
650 0 |a Color in art  |v Juvenile literature. 
650 0 |a Color  |x Psychological aspects  |x Juvenile literature. 
830 0 |a Elements of design. 
999 |a MARS 
999 f f |s ee7ce1f5-42d4-3346-b82e-7e3d09279641  |i ae6e262a-ba75-3771-a1d6-e663b92e5123  |t 0 
952 f f |p normal  |a Texas A&M University  |b College Station  |c Sterling C. Evans Library  |d Evans: Library Stacks  |t 0  |e ND1490 .G37  |h Library of Congress classification  |i unmediated -- volume  |m A14803489933 
998 f f |a ND1490 .G37  |t 0  |l Evans: Library Stacks